Mitra & mandolino /

সংরক্ষণ করুন:
গ্রন্থ-পঞ্জীর বিবরন
প্রধান লেখক: Musella, Luca (লেখক)
বিন্যাস: গ্রন্থ
ভাষা:ইতালিয়
প্রকাশিত: Roma : A. Gaffi, c2005
মালা:I sassi ; 10
বিষয়গুলি:
ট্যাগগুলো: ট্যাগ যুক্ত করুন
কোনো ট্যাগ নেই, প্রথমজন হিসাবে ট্যাগ করুন!

MARC

LEADER 00000nam a22000007i 4500
001 IT\ICCU\RMS\1448839
003 ItRI
005 20260115231954.0
008 051209s2005 it |||||| ||||| |||||c
020 |a 8887803560 
040 |b ita  |c importazione bologna sebina 
041 7 |a ita  |2 ISO-639-2 
100 1 |a Musella, Luca  |0 IT\ICCU\NAPV\096229  |4 aut 
245 1 0 |a Mitra & mandolino /  |c Luca Musella. 
246 1 3 |a Mitra e mandolino.  |9 IT\ICCU\RML\0165827 
260 |a Roma :  |b A. Gaffi,  |c c2005 
300 |a 111 p. ;  |c 19 cm. 
650 7 |a Criminalità organizzata  |x Napoli  |x 2005  |2 scbi 
830 2 |a I sassi ;  |v 10  |0 IT\ICCU\RMB\0475842 
942 |2 ddc  |c BK  |n 0 
952 |0 0  |1 0  |4 0  |6 DOC_300_723000000000000_MUS  |7 0  |9 18205  |a BO  |b BO  |d 2026-01-15  |i 14371  |l 0  |o DOC 300.723 MUS  |p BO14371  |r 2026-01-15 23:19:54  |w 2026-01-15  |x [Sebina 5] [1 v.]  |y BK  |z 1 v. 
999 |c 15426  |d 15426